Statistiques concernant Communes du 91: Essonne

Cliquez ici pour prendre le quiz!

Statistiques générales

  • Ce quiz a été pris 165 fois
  • Le résultat moyen est 20 sur 40

Statistiques - réponses

Population(2010)Ville% Correct
52 135 habitantsEvry
100%
43 086 habitantsCorbeil-Essonnes
79%
42 258 habitantsMassy
77%
23 158 habitantsEtampes
76%
30 295 habitantsPalaiseau
75%
26 638 habitantsGrigny
74%
23 334 habitantsBrétigny-sur-Orge
68%
14 634 habitantsJuvisy-sur-Orge
64%
27 463 habitantsRis-Orangis
64%
29 050 habitantsYerres
62%
10 574 habitantsArpajon
61%
15 966 habitantsOrsay
60%
9 984 habitantsDourdan
58%
36 842 habitantsSavigny-sur-Orge
58%
21 361 habitantsLongjumeau
57%
30 393 habitantsAthis-Mons
55%
34 195 habitantsSainte-Geneviève-des-Bois
52%
32 045 habitantsViry-Châtillon
51%
25 377 habitantsBrunoy
49%
28 491 habitantsDraveil
46%
24 792 habitantsLes Ulis
46%
20 046 habitantsSaint-Michel-sur-Orge
46%
27 331 habitantsVigneux-sur-Seine
46%
13 812 habitantsCourcouronnes
45%
20 654 habitantsGif-sur-Yvette
44%
12 171 habitantsEpinay-sous-Sénart
42%
22 880 habitantsMontgeron
42%
18 464 habitantsChilly-Mazarin
39%
9 121 habitantsFleury-Mérogis
39%
13 895 habitantsMennecy
36%
20 944 habitantsMorsang-sur-Orge
35%
12 136 habitantsMorangis
32%
9 625 habitantsVillebon-sur-Yvette
32%
10 336 habitantsIgny
27%
9 535 habitantsBures-sur-Yvette
26%
15 418 habitantsVerrières-le-Buisson
26%
9 143 habitantsCrosne
25%
10 104 habitantsEpinay-sur-Orge
23%
9 298 habitantsBondoufle
21%
9 338 habitantsSaint-Germain-lès-Arpajon
17%

Distribution des résultats

Percentile par nombre de réponses

% des personnes avec chaque résultat

Votre développement - résultats

Vous n’avez pas pris ce quiz